Defence Estates (Record no. 120048)

MARC details
000 -LEADER
fixed length control field 00839cam a2200193 4500
001 - CONTROL NUMBER
control field WS118031
008 - FIXED-LENGTH DATA ELEMENTS--GENERAL INFORMATION
fixed length control field 020517n 000 0 eng u
035 ## - SYSTEM CONTROL NUMBER
System control number (Sirsi) u118031
110 ## - MAIN ENTRY--CORPORATE NAME
Corporate name or jurisdiction name as entry element Defence Estates
9 (RLIN) 3814
245 ## - TITLE STATEMENT
Title Defence Estates
520 ## - SUMMARY, ETC.
Summary, etc. Web site for one of the largest landowners in the country which occupies an estate equivalent to about 1% of the UK landmass. Includes details of their prime contracting documents and downloadable documents on design and maintenance, historic buildings, safety and specifications.
650 ## - SUBJECT ADDED ENTRY--TOPICAL TERM
Topical term or geographic name entry element GOVERNMENT
650 ## - SUBJECT ADDED ENTRY--TOPICAL TERM
Topical term or geographic name entry element PRIME CONTRACTING
650 ## - SUBJECT ADDED ENTRY--TOPICAL TERM
Topical term or geographic name entry element HISTORIC BUILDINGS
650 ## - SUBJECT ADDED ENTRY--TOPICAL TERM
Topical term or geographic name entry element MINISTRY OF DEFENCE
690 ## - LOCAL SUBJECT ADDED ENTRY--TOPICAL TERM (OCLC, RLIN)
Topical term or geographic name as entry element PROPERTY-COMMERCIAL PROPERTY
856 40 - ELECTRONIC LOCATION AND ACCESS
Uniform Resource Identifier <a href="https://www.defence-estates.mod.uk">https://www.defence-estates.mod.uk</a>
Public note View the website free of charge at www.defence-estates.mod.uk...
942 ## - ADDED ENTRY ELEMENTS (KOHA)
Suppress in OPAC 0
Holdings
Withdrawn status Lost status Source of classification or shelving scheme Damaged status Not for loan Home library Current library Shelving location Date acquired Total Checkouts Full call number Barcode Date last seen Copy number Price effective from Koha item type
    Dewey Decimal Classification     Virtual Virtual Online 17/05/2002   WEB SITE 118031-2001 06/08/2019 1 06/08/2019 Online material